Central Library OPAC University of Rajshahi

Kinetics of inorganic reactions / (Record no. 54493)

MARC details
000 -LEADER
fixed length control field 00809nam a2200241 a 4500
001 - CONTROL NUMBER
control field 54493
003 - CONTROL NUMBER IDENTIFIER
rucl marc code BD-RjUL
005 - DATE AND TIME OF LATEST TRANSACTION
control field 20211209080129.0
008 - FIXED-LENGTH DATA ELEMENTS--GENERAL INFORMATION
fixed length control field 161107r19701966enka b 001 0 eng
035 ## - SYSTEM CONTROL NUMBER
System control number (BD-RjUL)54615
040 ## - CATALOGING SOURCE
Original cataloging agency DLC
Transcribing agency FIN
Modifying agency SER
-- BD-RjUL
Language of cataloging eng
041 ## - LANGUAGE CODE
Language code of text/sound track or separate title eng
082 ## - DEWEY DECIMAL CLASSIFICATION NUMBER
Edition number 23
Classification number 541.394
Author mark and year SYK 1970
100 1# - MAIN ENTRY--PERSONAL NAME
Personal name Sykes, A. Geoffrey
Fuller form of name (Alfred Geoffrey),
9 (RLIN) 162570
245 10 - TITLE STATEMENT
Title Kinetics of inorganic reactions /
Statement of responsibility, etc. by A.G. Sykes.
260 ## - PUBLICATION, DISTRIBUTION, ETC. (IMPRINT)
Place of publication, distribution, etc. London :
Name of publisher, distributor, etc. Pergamon,
Date of publication, distribution, etc. 1966 [reprinted 1970].
300 ## - PHYSICAL DESCRIPTION
Pagination viii, 310 p. :
Illustrations ill. ;
Size 20 cm.
490 1# - SERIES STATEMENT
Series statement The commonwealth and international library. Chemistry division
500 ## - GENERAL NOTE
General note Includes index.
650 #0 - SUBJECT ADDED ENTRY--TOPICAL TERM
Topical term or geographic name as entry element Chemical kinetics.
9 (RLIN) 162571
830 #0 - SERIES ADDED ENTRY--UNIFORM TITLE
Uniform title The commonwealth and international library. Chemistry division
942 ## - ADDED ENTRY ELEMENTS (KOHA)
Source of classification or shelving scheme Dewey Decimal Classification
Koha item type Books
Holdings
Lost status Source of classification or shelving scheme Damaged status Not for loan Collection code Permanent Location Current Location Shelving location Date acquired Source of acquisition Total Checkouts Full call number Date last seen Copy number Koha item type Cost, normal purchase price
  Dewey Decimal Classification     Non-fiction Central Library, University of Rajshahi Central Library, University of Rajshahi   22/02/1973 Britain   541.394 SYK 1970 07/11/2016 C-2 Books  
  Dewey Decimal Classification   Not For Loan Non-fiction Central Library, University of Rajshahi Central Library, University of Rajshahi Reading Room 25/04/1968 zeitlinger   541.394 SYK 1970 27/02/2019 C-1 Books 47.00